00371nam a22001097a 4500003000500000005001700005008004100022040000900063100003800072245014000110300001100250ASAB20180827062619.0160217t xxu||||| |||| 00| 0 eng d cASAB aSandal Sheikh-sup-Dr. Kiran Zahid aTh-Mphil-Investigating the role of exogenous hydrogen peroxide in nanotoxicity reduction in monocot ( maize) and Dicot ( Tomato) plants a79 p.: